000 00790nam a2200289Ia 4500
008 170203s9999 xx 000 0 und d
020 _a0-689832133
050 _aFic
050 _bC947c
100 _aCronin, Doreen.
245 _aClick, clack, moo :
245 _bcows that type /
245 _cby Doreen Cronin ; pictures by Betsy Lewin.
260 _aNew York :
260 _bSimon & Schuster Books for Young Readers, 
260 _c2001
300 _a1 volume (unpaginated) :
300 _bcolor illustrations ;
300 _c27 cm
650 _aChildren's literature.
650 _aChildren's stories.
650 _aCows --
650 _aDomestic animals --
650 _aPicture books.
650 _xJuvenile fiction.
650 _xJuvenile fiction.
999 _c306353
_d306353